Championship Most Matches Per Club (2000-) - Statistics

General Stats
  • This quiz has been taken 4 times
  • The average score is 213 of 650
Answer Stats
Club Rank Player Positions Nationality Matches Goals (assists) % Correct
AFC Bournemouth 2 Adam Smith RB 95 0 (9)
100%
Aston Villa 7 Ahmed El Mohamady RB 81 2 (12)
100%
Aston Villa 4 Alan Hutton RB 96 2 (4)
100%
AFC Bournemouth 8 Jefferson Lerma DM 76 4 (5)
100%
AFC Bournemouth 8 Matt Ritchie RM 76 24 (19)
100%
Newcastle United 5 Matt Ritchie RM 42 12 (8)
100%
Aston Villa 9 Neil Taylor LB 74 0 (4)
100%
Huddersfield Town 5 Tommy Smith RB 143 4 (17)
100%
Ipswich Town 2 Tommy Smith CB 247 21 (10)
100%
Watford FC 3 Tommy Smith ST 210 55 (22)
100%
Southampton FC 5 Adam Lallana AM 87 13 (15)
67%
Watford FC 5 Adrian Mariappa CB 197 4 (4)
67%
Preston North End 2 Alan Browne CM 346 39 (22)
67%
Millwall FC 2 Alan Dunne RB 234 6 (7)
67%
Fulham FC 7 Aleksandar Mitrović ST 101 81 (10)
67%
Hull City 2 Alfie Jones CB 149 2 (3)
67%
Luton Town 7 Amari'i Bell CB 116 2 (3)
67%
Bristol City 5 Andreas Weimann AM 205 50 (28)
67%
Preston North End 5 Andrew Hughes LB 243 7 (9)
67%
Newcastle United 7 Andy Carroll ST 39 17 (12)
67%
Bradford City 1 Andy Gray ST 77 20 (0)
67%
Leicester City 1 Andy King CM 201 40 (16)
67%
West Ham United 9 Anton Ferdinand CB 49 1 (0)
67%
Bradford City 10 Ashley Ward ST 51 13 (0)
67%
Swansea City 7 Ashley Williams CB 138 10 (3)
67%
Sheffield Wednesday 1 Barry Bannan CM 321 16 (43)
67%
Middlesbrough FC 10 Ben Gibson CB 148 3 (4)
67%
Crewe Alexandra 8 Billy Jones RB 91 8 (1)
67%
Hull City 5 Boaz Myhill GK 134 0 (0)
67%
West Ham United 8 Bobby Zamora ST 51 12 (7)
67%
Doncaster Rovers 6 Brian Stock CM 114 9 (7)
67%
Wolverhampton Wanderers 7 Carl Ikeme GK 149 0 (0)
67%
Barnsley FC 8 Cauley Woodrow ST 110 30 (9)
67%
Derby County 4 Chris Martin ST 200 67 (30)
67%
Sheffield United 4 Chris Morgan CB 223 13 (6)
67%
Swansea City 10 Connor Roberts RB 129 11 (14)
67%
Aston Villa 3 Conor Hourihane CM 101 19 (17)
67%
Brighton & Hove Albion 7 Dale Stephens CM 114 13 (8)
67%
Wimbledon FC (- 2004) 9 Damien Francis CM 86 15 (0)
67%
Sunderland AFC 10 Dan Ballard CB 82 5 (2)
67%
Middlesbrough FC 7 Daniel Ayala CB 175 20 (6)
67%
Preston North End 4 Daniel Johnson AM 292 45 (32)
67%
Sunderland AFC 2 Dan Neil CM 131 8 (12)
67%
Ipswich Town 4 Daryl Murphy ST 217 67 (31)
67%
Millwall FC 8 David Livermore CM 202 7 (3)
67%
Cardiff City 5 David Marshall GK 227 0 (2)
67%
Stockport County 9 David Smith CM 45 0 (0)
67%
Brighton & Hove Albion 6 David Stockdale GK 133 0 (1)
67%
AFC Bournemouth 4 Dominic Solanke ST 86 44 (16)
67%
Leeds United 9 Ezgjan Alioski LB 125 19 (15)
67%
Hull City 10 Fraizer Campbell ST 109 33 (17)
67%
Portsmouth FC 7 Gary O'Neil CM 74 5 (1)
67%
Peterborough United 1 George Boyd LW 108 22 (30)
67%
Middlesbrough FC 2 George Friend LB 242 9 (16)
67%
Aston Villa 10 Glenn Whelan DM 68 2 (4)
67%
Norwich City 10 Iwan Roberts ST 157 41 (1)
67%
Sunderland AFC 6 Jack Clarke LW 87 25 (17)
67%
Aston Villa 6 Jack Grealish LW 89 14 (16)
67%
Stoke City 8 Jacob Brown ST 125 26 (5)
67%
West Bromwich Albion 7 Jake Livermore DM 138 6 (9)
67%
Newcastle United 4 Jamaal Lascelles CB 43 3 (2)
67%
Aston Villa 1 James Chester CB 119 11 (1)
67%
Hull City 10 James Chester CB 109 5 (3)
67%
Reading FC 5 James Harper CM 197 14 (4)
67%
Burnley FC 9 Jay Rodríguez ST 153 43 (15)
67%
Millwall FC 5 Jed Wallace RW 211 37 (39)
67%
Queens Park Rangers 6 Jimmy Dunne RB 152 11 (4)
67%
Walsall FC 1 Jimmy Walker GK 127 0 (0)
67%
Stoke City 5 Joe Allen CM 140 10 (8)
67%
Swansea City 5 Joe Allen CM 153 7 (10)
67%
Portsmouth FC 3 Joel Ward RB 86 6 (3)
67%
Scunthorpe United 1 Joe Murphy GK 114 0 (1)
67%
Charlton Athletic 7 Jóhann Berg Gudmundsson RW 81 16 (16)
67%
Middlesbrough FC 1 Jonathan Howson CM 319 9 (24)
67%
Luton Town 4 Jordan Clark CM 137 11 (13)
67%
Blackburn Rovers 7 Jordan Rhodes ST 159 82 (13)
67%
Milton Keynes Dons 2 Josh Murphy LW 42 5 (9)
67%
Crystal Palace 1 Julián Speroni GK 278 0 (5)
67%
Leeds United 4 Kalvin Phillips DM 165 12 (10)
67%
Leicester City 3 Kasper Schmeichel GK 138 0 (3)
67%
Southampton FC 1 Kelvin Davis GK 164 0 (1)
67%
Wimbledon FC (- 2004) 1 Kelvin Davis GK 131 0 (0)
67%
Norwich City 5 Kenny McLean CM 173 7 (24)
67%
Southampton FC 10 Kenwyne Jones ST 69 19 (4)
67%
Newcastle United 3 Kevin Nolan AM 44 17 (4)
67%
West Bromwich Albion 2 Kyle Bartley CB 185 10 (4)
67%
Charlton Athletic 4 Lawrie Wilson RB 96 4 (6)
67%
Nottingham Forest 5 Lee Camp GK 178 0 (1)
67%
Brighton & Hove Albion 3 Lewis Dunk CB 164 10 (8)
67%
Burton Albion 1 Lloyd Dyer LM 80 14 (6)
67%
Leicester City 2 Lloyd Dyer LM 186 20 (25)
67%
AFC Bournemouth 7 Lloyd Kelly CB 77 2 (5)
67%
Leeds United 5 Luke Ayling RB 158 7 (16)
67%
Yeovil Town 2 Luke Ayling RB 42 2 (3)
67%
Sunderland AFC 3 Luke O'Nien CB 129 7 (2)
67%
Barnsley FC 2 Luke Steele GK 209 0 (0)
67%
AFC Bournemouth 5 Marc Pugh LW 84 14 (9)
67%
Birmingham City 4 Marc Roberts CB 186 8 (6)
67%
Reading FC 4 Marcus Hahnemann GK 201 0 (2)
67%
Coventry City 3 Marcus Hall LB 167 1 (4)
67%
Bolton Wanderers 8 Mark Davies CM 93 9 (9)
67%
West Ham United 5 Mark Noble CM 58 8 (9)
67%
Wimbledon FC (- 2004) 10 Mark Williams CB 81 8 (0)
67%
Doncaster Rovers 10 Mark Wilson CM 87 1 (2)
67%
Gillingham FC 10 Marlon King ST 101 40 (2)
67%
Wolverhampton Wanderers 4 Matt Doherty RB 167 11 (22)
67%
West Bromwich Albion 6 Matt Phillips RW 148 20 (18)
67%
Coventry City 1 Michael Doyle CM 264 20 (12)
67%
Burnley FC 1 Michael Duff CB 309 8 (8)
67%
Aston Villa 8 Mile Jedinak DM 75 1 (2)
67%
Millwall FC 6 Murray Wallace CB 207 9 (5)
67%
Bristol City 2 Nahki Wells ST 214 46 (14)
67%
Huddersfield Town 4 Nahki Wells ST 144 45 (13)
67%
Swansea City 8 Nathan Dyer RW 135 9 (16)
67%
Norwich City 7 Onel Hernández LW 165 10 (22)
67%
Leeds United 6 Pablo Hernández RW 151 34 (38)
67%
Sheffield United 2 Paddy Kenny GK 244 0 (1)
67%
Middlesbrough FC 5 Paddy McNair CB 196 14 (13)
67%
Crystal Palace 8 Patrick McCarthy CB 133 6 (3)
67%
Sunderland AFC 4 Patrick Roberts RW 119 7 (16)
67%
Gillingham FC 6 Paul Shaw ST 135 26 (0)
67%
Gillingham FC 2 Paul Smith CM 207 12 (1)
67%
Rotherham United 8 Paul Warne RW 124 3 (3)
67%
Stockport County 7 Peter Clark DF 50 2 (0)
67%
Southend United 8 Peter Clarke CB 38 2 (1)
67%
Manchester City 1 Richard Dunne CB 43 1 (4)
67%
Coventry City 7 Richard Shaw CB 138 1 (1)
67%
Rotherham United 6 Richard Wood CB 132 10 (8)
67%
Norwich City 4 Rob Green GK 180 0 (0)
67%
West Bromwich Albion 10 Sam Johnstone GK 128 0 (1)
67%
Fulham FC 10 Scott Parker CM 90 4 (5)
67%
Tranmere Rovers 4 Scott Taylor ST 37 5 (0)
67%
West Bromwich Albion 8 Semi Ajayi CB 137 10 (3)
67%
Yeovil Town 5 Shane Duffy CB 37 1 (2)
67%
Millwall FC 3 Shaun Hutchinson CB 227 11 (6)
67%
Crewe Alexandra 10 Shaun Smith LB 87 5 (0)
67%
Manchester City 8 Shaun Wright-Phillips RW 35 8 (5)
67%
AFC Bournemouth 3 Simon Francis RB 88 2 (16)
67%
Bradford City 7 Simon Francis RB 54 1 (0)
67%
Southend United 6 Simon Francis RB 40 1 (0)
67%
Barnsley FC 1 Stephen Foster CB 226 10 (3)
67%
Crewe Alexandra 2 Stephen Foster CB 181 11 (0)
67%
AFC Bournemouth 1 Steve Cook CB 129 8 (4)
67%
Newcastle United 1 Steve Harper GK 45 0 (0)
67%
Crewe Alexandra 4 Steve Jones RW 128 29 (8)
67%
Fulham FC 2 Tom Cairney CM 183 36 (29)
67%
Derby County 9 Tom Huddlestone DM 167 3 (3)
67%
Luton Town 10 Tom Lockyer CB 88 4 (2)
67%
Crystal Palace 10 Tommy Black RM 127 10 (2)
67%
Watford FC 2 Troy Deeney ST 224 84 (35)
67%
Burnley FC 4 Wade Elliott AM 214 15 (38)
67%
Colchester United 8 Wayne Brown CB 46 1 (0)
67%
Norwich City 6 Wes Hoolahan AM 171 24 (37)
67%
Nottingham Forest 3 Wes Morgan CB 229 9 (1)
67%
Derby County 10 Will Hughes CM 165 9 (17)
67%
Middlesbrough FC 6 Adam Clayton CM 179 1 (4)
33%
Norwich City 1 Adam Drury LB 246 3 (7)
33%
Brighton & Hove Albion 9 Adam El-Abd CB 109 1 (0)
33%
Reading FC 8 Adam Federici GK 186 1 (0)
33%
Barnsley FC 4 Adam Hammill RW 153 16 (15)
33%
Wycombe Wanderers 7 Adebayo Akinfenwa ST 33 1 (1)
33%
Brentford FC 10 Alan Judge CM 108 18 (27)
33%
Aston Villa 2 Albert Adomah RW 113 21 (18)
33%
Reading FC 6 Alex Pearce CB 193 14 (9)
33%
Huddersfield Town 6 Alex Smithies GK 137 0 (0)
33%
Manchester City 5 Ali Benarbia AM 38 8 (16)
33%
AFC Bournemouth 8 Andrew Surman CM 76 3 (7)
33%
Southampton FC 2 Andrew Surman CM 133 15 (11)
33%
Hull City 1 Andy Dawson LB 166 3 (14)
33%
Preston North End 8 Andy Lonergan GK 210 1 (0)
33%
Bradford City 6 Andy Myers LB 56 2 (0)
33%
Nottingham Forest 1 Andy Reid LM 263 37 (43)
33%
Middlesbrough FC 8 Anfernee Dijksteel RB 152 2 (5)
33%
Sunderland AFC 1 Anthony Patterson GK 133 0 (1)
33%
Wycombe Wanderers 9 Anthony Stewart CB 32 1 (1)
33%
Cardiff City 7 Aron Gunnarsson DM 220 23 (18)
33%
Sheffield Wednesday 4 Atdhe Nuhiu ST 242 40 (25)
33%
Blackburn Rovers 6 Ben Brereton Díaz ST 160 45 (13)
33%
Swansea City 3 Ben Cabango CB 211 10 (5)
33%
Charlton Athletic 10 Ben Hamer GK 73 0 (0)
33%
Nottingham Forest 4 Ben Osborn CM 212 15 (30)
33%
Coventry City 5 Ben Sheaf DM 160 7 (8)
33%
Burton Albion 4 Ben Turner CB 69 3 (1)
33%
Doncaster Rovers 8 Billy Sharp ST 98 44 (16)
33%
Sheffield United 6 Billy Sharp ST 204 60 (22)
33%
Southampton FC 3 Bradley Wright-Phillips ST 111 22 (7)
33%
Burnley FC 2 Brian Jensen GK 232 0 (1)
33%
Middlesbrough FC 8 Britt Assombalonga ST 152 45 (2)
33%
Brighton & Hove Albion 1 Bruno Saltor RB 186 6 (16)
33%
Yeovil Town 3 Byron Webster CB 41 3 (2)
33%
Charlton Athletic 6 Callum Harriott LW 83 11 (4)
33%
Bristol City 8 Callum O'Dowda LM 160 8 (12)
33%
Coventry City 8 Callum O'Hare AM 133 14 (22)
33%
Barnsley FC 10 Callum Styles LB 102 8 (5)
33%
Oxford United 8 Cameron Brannagan CM 33 3 (4)
33%
Ipswich Town 9 Carlos Edwards RB 176 9 (21)
33%
Reading FC 1 Chris Gunter RB 260 3 (10)
33%
Colchester United 8 Chris Iwelumo ST 46 18 (8)
33%
Burnley FC 3 Chris McCann DM 231 26 (17)
33%
Charlton Athletic 1 Chris Solly RB 144 1 (9)
33%
West Ham United 10 Christian Dailly CB 46 3 (2)
33%
Ipswich Town 10 Christophe Berra CB 174 14 (5)
33%
Queens Park Rangers 10 Chris Willock LW 140 20 (22)
33%
Bolton Wanderers 5 Chung-yong Lee RW 109 10 (19)
33%
Oxford United 4 Ciaron Brown CB 41 4 (3)
33%
Crystal Palace 4 Clinton Morrison ST 214 76 (7)
33%
Stoke City 10 Clive Clarke LB 115 7 (1)
33%
Bristol City 6 Cole Skuse DM 192 7 (8)
33%
Ipswich Town 3 Cole Skuse DM 235 2 (11)
33%
Wolverhampton Wanderers 10 Colin Cameron CM 138 19 (4)
33%
West Bromwich Albion 4 Conor Townsend LB 170 3 (11)
33%
Derby County 3 Craig Bryson CM 251 40 (34)
33%
Norwich City 2 Craig Fleming CB 206 4 (0)
33%
Derby County 2 Craig Forsyth LB 266 10 (25)
33%
Brighton & Hove Albion 9 Craig Mackail-Smith ST 109 21 (13)
33%
Middlesbrough FC 3 Dael Fry CB 233 2 (9)
33%
Queens Park Rangers 7 Damion Stewart CB 151 9 (3)
33%
Brentford FC 6 Daniel Bentley GK 123 0 (0)
33%
Crystal Palace 2 Danny Butterfield RB 225 6 (7)
33%
Grimsby Town 8 Danny Butterfield RB 76 3 (0)
33%
Grimsby Town 1 Danny Coyne GK 137 0 (1)
33%
Newcastle United 10 Danny Guthrie CM 38 4 (12)
33%
Newcastle United 7 Danny Simpson RB 39 1 (2)
33%
Manchester City 7 Danny Tiatto LB 37 1 (4)
33%
Huddersfield Town 2 Danny Ward ST 194 35 (20)
33%
West Bromwich Albion 1 Darnell Furlong RB 200 10 (11)
33%
Blackburn Rovers 2 Darragh Lenihan CB 219 8 (6)
33%
Manchester City 4 Darren Huckerby ST 40 20 (12)
33%
Bolton Wanderers 1 Darren Pratley CM 141 11 (8)
33%
Millwall FC 7 Darren Ward CB 204 5 (2)
33%
Portsmouth FC 8 Dave Kitson ST 68 12 (10)
33%
Birmingham City 5 David Davis CM 182 10 (5)
33%
Wolverhampton Wanderers 2 David Edwards CM 193 27 (12)
33%
Millwall FC 9 David Forde GK 199 0 (1)
33%
Milton Keynes Dons 7 David Martin GK 35 0 (0)
33%
Leicester City 4 David Nugent ST 130 49 (24)
33%
Crewe Alexandra 5 David Vaughan DM 123 11 (7)
33%
Bradford City 3 David Wetherall CB 70 3 (1)
33%
Crewe Alexandra 7 David Wright DM 112 1 (2)
33%
Milton Keynes Dons 5 Dean Bowditch LW 37 4 (2)
33%
Brighton & Hove Albion 8 Dean Hammond CM 112 10 (2)
33%
Milton Keynes Dons 1 Dean Lewington LB 46 1 (2)
33%
Sunderland AFC 6 Dean Whitehead CM 87 9 (12)
33%
Coventry City 4 Dele Adebola ST 163 31 (6)
33%
Fulham FC 3 Denis Odoi RB 120 4 (7)
33%
Nottingham Forest 7 Dexter Blackstock ST 170 42 (22)
33%
Swansea City 9 Dorus de Vries GK 132 0 (0)
33%
Crystal Palace 3 Dougie Freedman ST 217 63 (6)
33%
Luton Town 3 Elijah Adebayo ST 139 33 (8)
33%
Nottingham Forest 6 Eric Lichaj RB 173 4 (7)
33%
Ipswich Town 7 Fabian Wilnis RB 186 3 (7)
33%
Southend United 4 Freddy Eastwood ST 42 11 (6)
33%
Wycombe Wanderers 1 Fred Onyedinma RM 43 3 (3)
33%
Leeds United 8 Gaetano Berardi RB 142 0 (5)
33%
Reading FC 3 Garath McCleary RW 211 20 (30)
33%
Wycombe Wanderers 9 Garath McCleary RW 32 4 (1)
33%
Tranmere Rovers 7 Gareth Roberts LB 34 0 (0)
33%
Coventry City 2 Gary McSheffrey LW 212 60 (11)
33%
Millwall FC 4 George Saville CM 215 17 (11)
33%
Manchester City 10 Gerard Wiekens CB 29 0 (1)
33%
Brighton & Hove Albion 2 Gordon Greer CB 177 5 (3)
33%
West Bromwich Albion 3 Grady Diangana RW 172 25 (22)
33%
Preston North End 3 Graham Alexander RB 296 45 (8)
33%
Blackburn Rovers 10 Grant Hanley CB 152 6 (5)
33%
Middlesbrough FC 4 Grant Leadbitter CM 199 28 (32)
33%
Peterborough United 5 Grant McCann CM 81 16 (9)
33%
Southampton FC 8 Grzegorz Rasiak ST 75 28 (8)
33%
Reading FC 10 Hal Robson-Kanu ST 173 17 (20)
33%
Birmingham City 3 Harlee Dean CB 191 8 (2)
33%
Brentford FC 7 Harlee Dean CB 122 4 (5)
33%
Watford FC 6 Heidar Helguson ST 187 60 (13)
33%
Brentford FC 2 Henrik Dalsgaard CB 147 6 (8)
33%
Leicester City 6 Iain Hume ST 122 33 (6)
33%
Blackpool FC 5 Ian Evatt CB 148 8 (6)
33%
Queens Park Rangers 1 Ilias Chair AM 245 36 (39)
33%
Brighton & Hove Albion 5 Iñigo Calderón RB 135 10 (11)
33%
Reading FC 9 Ívar Ingimarsson CB 179 7 (0)
33%
Southampton FC 10 Jack Cork DM 69 0 (3)
33%
Millwall FC 1 Jake Cooper CB 340 24 (16)
33%
Luton Town 5 James Bree RB 132 2 (17)
33%
Doncaster Rovers 10 James Chambers RB 87 0 (6)
33%
Luton Town 10 James Collins ST 88 24 (6)
33%
Doncaster Rovers 1 James Coppinger RM 190 22 (35)
33%
Doncaster Rovers 5 James Hayter ST 128 26 (8)
33%
Yeovil Town 5 James Hayter ST 37 6 (2)
33%
Wigan Athletic 1 James McClean LM 119 12 (18)
33%
Coventry City 6 Jamie Allen CM 140 9 (5)
33%
Oxford United 2 Jamie Cumming GK 45 0 (0)
33%
Colchester United 10 Jamie Cureton ST 44 23 (8)
33%
Stockport County 10 Jarkko Wiss DM 41 5 (0)
33%
Hull City 9 Jarrod Bowen RW 117 52 (12)
33%
Watford FC 10 Jay DeMerit CB 150 6 (1)
33%
Swansea City 2 Jay Fulton CM 239 13 (8)
33%
West Bromwich Albion 9 Jayson Molumby CM 135 9 (6)
33%
Derby County 5 Jeff Hendrick CM 196 22 (19)
33%
Wimbledon FC (- 2004) 5 Jermaine Darlington RB 105 3 (1)
33%
Sheffield Wednesday 8 Jermaine Johnson RW 181 17 (15)
33%
Southampton FC 4 Jermaine Wright CM 90 1 (8)
33%
Southampton FC 7 Jhon Viáfara DM 76 5 (5)
33%
Wigan Athletic 4 Jimmy Bullard CM 92 5 (9)
33%
Barnsley FC 5 Jim O'Brien CM 123 7 (9)
33%
Wimbledon FC (- 2004) 6 Jobi McAnuff LW 96 13 (0)
33%
Wycombe Wanderers 5 Joe Jacobson LB 37 4 (6)
33%
Cardiff City 5 Joe Ledley CM 227 26 (19)
33%
Peterborough United 9 Joe Lewis GK 54 0 (0)
33%
Yeovil Town 9 Joel Grant RW 34 3 (1)
33%
Huddersfield Town 8 Joel Lynch CB 122 8 (0)
33%
Nottingham Forest 9 Joe Lolley RW 159 24 (26)
33%
Cardiff City 2 Joe Ralls CM 356 32 (39)
33%
Yeovil Town 5 Joe Ralls CM 37 3 (2)
33%
Nottingham Forest 8 Joe Worrall CB 168 3 (6)
33%
Burton Albion 6 John Brayford RB 61 0 (5)
33%
Watford FC 7 John Eustace DM 157 16 (12)
33%
Wigan Athletic 5 John Filan GK 91 0 (1)
33%
Sheffield United 8 John Fleck CM 147 6 (22)
33%
Charlton Athletic 2 Johnnie Jackson CM 136 22 (9)
33%
Colchester United 3 Johnnie Jackson CM 78 9 (10)
33%
Derby County 6 Johnny Russell RW 182 30 (29)
33%
Reading FC 7 John Swift AM 187 32 (35)
33%
Wolverhampton Wanderers 1 Joleon Lescott CB 212 13 (0)
33%
Scunthorpe United 2 Jonathan Forte ST 90 9 (8)
33%
Huddersfield Town 1 Jonathan Hogg DM 288 4 (8)
33%
Aston Villa 5 Jonathan Kodjia ST 90 29 (6)
33%
Newcastle United 5 Jonjo Shelvey CM 42 5 (9)
33%
Charlton Athletic 3 Jordan Cousins CM 125 7 (5)
33%
Preston North End 10 Jordan Storey CB 205 6 (3)
33%
Stoke City 3 Jordan Thompson CM 156 3 (5)
33%
Huddersfield Town 9 Josh Koroma LW 119 22 (7)
33%
Bolton Wanderers 4 Josh Vela CM 111 3 (8)
33%
Scunthorpe United 7 Josh Wright CM 71 0 (3)
33%
Wolverhampton Wanderers 5 Karl Henry DM 156 6 (6)
33%
Brighton & Hove Albion 4 Kazenga LuaLua LW 136 13 (16)
33%
Coventry City 10 Keiren Westwood GK 131 0 (1)
33%
Sheffield Wednesday 7 Keiren Westwood GK 193 0 (1)
33%
Blackpool FC 6 Keith Southern CM 135 9 (8)
33%
Wolverhampton Wanderers 9 Kenny Miller ST 142 50 (4)
33%
Yeovil Town 8 Kevin Dawson CM 35 1 (2)
33%
Portsmouth FC 2 Kevin Harper RM 100 7 (1)
33%
Manchester City 2 Kevin Horlock DM 42 7 (4)
33%
Fulham FC 7 Kevin McDonald DM 101 6 (5)
33%
Cardiff City 3 Kevin McNaughton RB 250 1 (9)
33%
Sheffield Wednesday 6 Kieran Lee DM 197 20 (15)
33%
Burton Albion 3 Kyle McFadzean CB 73 1 (3)
33%
Milton Keynes Dons 3 Kyle McFadzean CB 39 0 (1)
33%
Queens Park Rangers 3 Lee Cook LW 169 11 (34)
33%
Derby County 7 Lee Grant GK 170 0 (0)
33%
Stockport County 5 Lee Jones GK 51 0 (0)
33%
Wolverhampton Wanderers 3 Lee Naylor LB 186 4 (8)
33%
Hull City 3 Lewie Coyle RB 148 3 (6)
33%
Nottingham Forest 10 Lewis McGugan CM 156 32 (26)
33%
Blackburn Rovers 1 Lewis Travis DM 233 8 (10)
33%
Leeds United 2 Liam Cooper CB 198 9 (4)
33%
Swansea City 6 Liam Cullen ST 147 28 (10)
33%
Yeovil Town 10 Liam Davis LB 27 1 (3)
33%
Bolton Wanderers 10 Liam Feeney RM 82 8 (11)
33%
Bristol City 2 Liam Fontaine CB 214 6 (3)
33%
Reading FC 2 Liam Moore CB 219 8 (5)
33%
Sheffield Wednesday 2 Liam Palmer RB 300 3 (10)
33%
Watford FC 1 Lloyd Doyley CB 374 2 (7)
33%
Burton Albion 1 Lucas Akins ST 80 10 (8)
33%
Birmingham City 1 Lukas Jutkiewicz ST 313 62 (25)
33%
Ipswich Town 1 Luke Chambers CB 306 15 (14)
33%
Burton Albion 8 Luke Murphy CM 57 2 (2)
33%
Queens Park Rangers 4 Lyndon Dykes ST 156 35 (11)
33%
Barnsley FC 7 Mads Andersen CB 112 2 (6)
33%
Birmingham City 8 Maikel Kieftenbeld DM 169 5 (3)
33%
Norwich City 8 Malky Mackay CB 163 14 (0)
33%
Gillingham FC 9 Mamady Sidibé ST 106 10 (4)
33%
Stoke City 9 Mamady Sidibé ST 120 19 (11)
33%
Fulham FC 9 Marcus Bettinelli GK 96 0 (0)
33%
Sunderland AFC 9 Marcus Stewart ST 83 30 (6)
33%
Sheffield Wednesday 9 Marcus Tudgay ST 178 47 (19)
33%
Scunthorpe United 6 Marcus Williams LB 76 0 (4)
33%
Oxford United 1 Mark Harris ST 46 6 (3)
33%
Peterborough United 4 Mark Little RB 84 2 (5)
33%
West Ham United 3 Marlon Harewood ST 73 30 (12)
33%
Queens Park Rangers 4 Martin Rowlands CM 156 23 (14)
33%
Scunthorpe United 8 Martyn Woolford LM 64 11 (7)
33%
Bristol City 1 Marvin Elliott CM 218 21 (14)
33%
Queens Park Rangers 8 Massimo Luongo CM 145 10 (16)
33%
Blackpool FC 3 Matt Gilks GK 164 0 (0)
33%
Swansea City 1 Matt Grimes DM 301 10 (31)
33%
West Ham United 2 Matthew Etherington LM 74 9 (10)
33%
Leicester City 6 Matty Fryatt ST 122 24 (8)
33%
Birmingham City 2 Maxime Colin RB 241 7 (18)
33%
Wigan Athletic 3 Michael Jacobs LW 97 10 (12)
33%
Birmingham City 6 Michael Morrison CB 174 13 (7)
33%
Charlton Athletic 5 Michael Morrison CB 91 2 (4)
33%
Wolverhampton Wanderers 6 Michael Oakes GK 150 0 (0)
33%
Sheffield United 3 Michael Tonge CM 235 19 (9)
33%
Rotherham United 1 Mike Pollitt GK 175 0 (0)
33%
Charlton Athletic 8 Morgan Fox LB 79 1 (6)
33%
Southampton FC 9 Morgan Schneiderlin DM 72 2 (3)
33%
Wigan Athletic 6 Nathan Ellington ST 89 42 (6)
33%
Queens Park Rangers 8 Nedum Onuoha CB 145 7 (4)
33%
Fulham FC 5 Neeskens Kebano LW 110 21 (13)
33%
Bolton Wanderers 6 Neil Danns CM 106 9 (8)
33%
Doncaster Rovers 4 Neil Sullivan GK 131 0 (1)
33%
Sheffield United 1 Nick Montgomery DM 303 8 (5)
33%
Milton Keynes Dons 7 Nicky Maynard ST 35 6 (2)
33%
Brentford FC 3 Nico Yennaris DM 136 12 (9)
33%
Gillingham FC 4 Nyron Nosworthy CB 142 4 (0)
33%
Brentford FC 4 Ollie Watkins ST 132 45 (14)
33%
Ipswich Town 5 Pablo Couñago ST 201 54 (18)
33%
Wimbledon FC (- 2004) 2 Patrick Agyemang ST 120 19 (1)
33%
Leicester City 8 Patrick Kisnorbo CB 118 10 (4)
33%
Newcastle United 1 Paul Dummett LB 45 0 (0)
33%
Leicester City 8 Paul Gallagher CM 118 25 (18)
33%
Preston North End 9 Paul Gallagher CM 209 21 (34)
33%
Preston North End 1 Paul McKenna CM 352 27 (21)
33%
Norwich City 3 Paul McVeigh LW 198 35 (4)
33%
Cardiff City 8 Paul Parry LM 191 25 (21)
33%
Blackpool FC 7 Paul Rachubka GK 108 0 (1)
33%
Plymouth Argyle 7 Paul Wotton DM 115 25 (2)
33%
Luton Town 1 Pelly Ruddock Mpanzu DM 162 9 (7)
33%
Cardiff City 10 Perry Ng RB 175 9 (14)
33%
Cardiff City 1 Peter Whittingham CM 381 82 (78)
33%
Sheffield United 5 Phil Jagielka CB 215 14 (4)
33%
Oxford United 9 Przemyslaw Placheta LW 32 3 (3)
33%
Hull City 4 Regan Slater CM 142 8 (9)
33%
Charlton Athletic 8 Rhoys Wiggins LB 79 0 (6)
33%
Derby County 1 Richard Keogh CB 316 10 (13)
33%
Ipswich Town 6 Richard Naylor CB 199 16 (5)
33%
Leicester City 10 Richard Stearman CB 116 7 (3)
33%
Brentford FC 9 Rico Henry LB 110 2 (6)
33%
Burnley FC 5 Robbie Blake CF 211 58 (34)
33%
Hull City 8 Robert Koren AM 121 26 (20)
33%
Bradford City 10 Robert Molenaar CB 51 1 (0)
33%
Sheffield United 7 Rob Kozluk RB 153 3 (1)
33%
Brentford FC 5 Romaine Sawyers CM 127 6 (18)
33%
Plymouth Argyle 5 Rory Fallon ST 121 18 (15)
33%
Leeds United 7 Ross McCormack CF 143 53 (30)
33%
Oxford United 6 Rúben Rodrigues AM 39 4 (3)
33%
Southampton FC 6 Rudi Skacel LM 81 5 (9)
33%
Peterborough United 9 Ryan Bennett CB 54 2 (3)
33%
Blackburn Rovers 8 Ryan Nyambe RB 154 0 (5)
33%
Brentford FC 7 Ryan Woods DM 122 3 (10)
33%
Leeds United 1 Sam Byram LB 199 12 (14)
33%
Queens Park Rangers 2 Sam Field DM 172 10 (4)
33%
Blackburn Rovers 2 Sam Gallagher ST 219 44 (20)
33%
Wigan Athletic 2 Sam Morsy CM 98 5 (4)
33%
Watford FC 9 Scott Loach GK 154 0 (0)
33%
Barnsley FC 10 Scott Wiseman RB 102 1 (3)
33%
Brentford FC 1 Sergi Canós LW 189 30 (29)
33%
Crystal Palace 5 Shaun Derry DM 191 3 (3)
33%
Manchester City 2 Shaun Goater ST 42 28 (8)
33%
Luton Town 9 Simon Sluga GK 91 0 (0)
33%
Huddersfield Town 10 Sorba Thomas RW 114 7 (27)
33%
Fulham FC 4 Stefan Johansen CM 114 19 (20)
33%
Burton Albion 10 Stephen Bywater GK 49 0 (0)
33%
West Ham United 7 Stephen Bywater GK 53 0 (0)
33%
Blackpool FC 2 Stephen Crainey LB 183 4 (25)
33%
Coventry City 8 Stephen Hughes CM 133 6 (7)
33%
Stoke City 2 Steve Simonsen GK 158 0 (0)
33%
Grimsby Town 3 Stuart Campbell DM 116 11 (1)
33%
Leeds United 3 Stuart Dallas LM 177 16 (14)
33%
Manchester City 5 Stuart Pearce LB 38 3 (5)
33%
Bolton Wanderers 7 Tim Ream CB 101 0 (7)
33%
Fulham FC 1 Tim Ream CB 197 3 (3)
33%
West Ham United 1 Tomas Repka CB 82 0 (1)
33%
Millwall FC 10 Tom Bradshaw ST 194 43 (10)
33%
Blackpool FC 8 Tom Ince RW 100 31 (25)
33%
Derby County 7 Tom Lawrence AM 170 36 (23)
33%
Leeds United 10 Tom Lees CB 123 3 (6)
33%
Sheffield Wednesday 3 Tom Lees CB 249 10 (7)
33%
AFC Bournemouth 5 Tommy Elphick CB 84 2 (2)
33%
Sheffield Wednesday 10 Tommy Spurr LB 166 5 (10)
33%
Plymouth Argyle 8 Tony Capaldi LB 107 5 (11)
33%
Sunderland AFC 5 Trai Hume RB 118 5 (9)
33%
Stoke City 4 Tyrese Campbell ST 142 31 (14)
33%
Blackburn Rovers 4 Tyrhys Dolan RW 191 23 (21)
33%
Bradford City 2 Wayne Jacobs CB 74 1 (0)
33%
Newcastle United 7 Yoan Gouffran LW 39 5 (4)
33%
Bristol City 4 Zak Vyner CB 208 4 (4)
33%
Stockport County 4 Aaron Wilbraham ST 57 15 (0)
0%
Sheffield Wednesday 5 Adam Reach LM 208 21 (31)
0%
Grimsby Town 7 Alan Pouton AM 81 11 (0)
0%
Blackpool FC 4 Alex Baptiste CB 149 6 (8)
0%
Stockport County 1 Ali Gibb RB 80 0 (0)
0%
Gillingham FC 7 Andy Hessenthaler CM 126 5 (0)
0%
Tranmere Rovers 2 Andy Parkinson RW 39 6 (0)
0%
Crewe Alexandra 9 Anthony Tonkin LB 88 0 (2)
0%
Milton Keynes Dons 9 Antony Kay DM 34 2 (0)
0%
Gillingham FC 3 Barry Ashby CB 151 3 (1)
0%
Blackpool FC 9 Ben Burgess ST 99 21 (6)
0%
Crystal Palace 6 Ben Watson CM 148 18 (15)
0%
Stoke City 6 Ben Wilmot CB 138 8 (5)
0%
Barnsley FC 3 Bobby Hassell RB 200 6 (10)
0%
Preston North End 7 Brad Potts RB 218 20 (9)
0%
Milton Keynes Dons 9 Carl Baker RM 34 3 (1)
0%
Sheffield United 9 Chris Basham CB 143 6 (6)
0%
Nottingham Forest 2 Chris Cohen CM 231 12 (28)
0%
Gillingham FC 1 Chris Hope CB 212 12 (0)
0%
Preston North End 6 Chris Sedgwick CM 229 12 (26)
0%
Rotherham United 4 Chris Sedgwick CM 147 6 (3)
0%
Rotherham United 2 Chris Swailes CB 167 14 (1)
0%
Scunthorpe United 4 Cliff Byrne RB 82 4 (5)
0%
Tranmere Rovers 7 Clint Hill CB 34 5 (0)
0%
Stockport County 2 Colin Woodthorpe LB 58 1 (0)
0%
Blackburn Rovers 5 Corry Evans CM 174 4 (9)
0%
Peterborough United 8 Craig Alcock RB 68 0 (0)
0%
Blackburn Rovers 8 Craig Conway AM 154 17 (36)
0%
Wycombe Wanderers 7 Curtis Thompson CM 33 0 (0)
0%
Wolverhampton Wanderers 7 Danny Batth CB 149 12 (1)
0%
Bradford City 9 Danny Cadamarteri RW 52 5 (1)
0%
Luton Town 8 Dan Potts CB 92 3 (1)
0%
Norwich City 9 Darel Russell DM 161 10 (4)
0%
Stoke City 1 Darel Russell DM 171 16 (4)
0%
Walsall FC 6 Darren Bazeley RB 82 0 (0)
0%
Wimbledon FC (- 2004) 7 Darren Holloway RB 92 0 (0)
0%
Milton Keynes Dons 5 Darren Potter CM 37 0 (1)
0%
Walsall FC 4 Darren Wrack CM 113 16 (2)
0%
Southend United 1 Darryl Flahavan GK 46 0 (0)
0%
Wycombe Wanderers 2 Daryl Horgan LM 40 0 (2)
0%
Plymouth Argyle 2 David Norris CM 148 16 (9)
0%
Bolton Wanderers 2 David Wheater CB 138 4 (4)
0%
Wycombe Wanderers 4 David Wheeler RM 38 3 (2)
0%
Crewe Alexandra 6 Dean Ashton ST 120 51 (4)
0%
Colchester United 4 Dean Gerken GK 67 0 (0)
0%
Burnley FC 8 Dean Marney CM 161 8 (15)
0%
Peterborough United 3 Gabriel Zakuani CB 103 2 (2)
0%
Walsall FC 9 Gary Birch MF 55 5 (0)
0%
Birmingham City 7 Gary Gardner CM 171 15 (5)
0%
Blackpool FC 1 Gary Taylor-Fletcher RW 184 30 (28)
0%
Watford FC 8 Gavin Mahon CM 156 5 (4)
0%
Burnley FC 6 Graham Branch LW 199 13 (2)
0%
Portsmouth FC 6 Greg Halford CB 75 12 (5)
0%
Oxford United 7 Greg Leigh LB 34 6 (1)
0%
Luton Town 2 Harry Cornick ST 142 23 (19)
0%
Crystal Palace 7 Hayden Mullins DM 137 3 (0)
0%
Portsmouth FC 5 Hayden Mullins DM 79 3 (3)
0%
West Ham United 4 Hayden Mullins DM 65 1 (1)
0%
Wigan Athletic 8 Ian Breckin CB 87 0 (1)
0%
Walsall FC 5 Ian Roper CB 100 0 (0)
0%
Burnley FC 7 Ian Thomas-Moore ST 190 37 (5)
0%
Birmingham City 10 Ivan Sunjic DM 160 7 (6)
0%
Wycombe Wanderers 2 Jack Grimmer RB 40 0 (1)
0%
Hull City 6 Jacob Greaves CB 133 6 (6)
0%
Birmingham City 9 Jacques Maghoma LM 168 20 (16)
0%
Southend United 2 Jamal Campbell-Ryce RW 43 2 (3)
0%
Doncaster Rovers 3 James O'Connor CB 132 3 (0)
0%
Portsmouth FC 9 Jamie Ashdown GK 67 0 (0)
0%
Plymouth Argyle 10 Jamie Mackie ST 99 16 (6)
0%
Bristol City 9 Jamie McAllister LB 155 2 (17)
0%
Yeovil Town 4 Jamie McAllister LB 38 0 (3)
0%
Tranmere Rovers 2 Jason Koumas AM 39 10 (0)
0%
Bolton Wanderers 3 Jay Spearing DM 125 7 (17)
0%
Sunderland AFC 8 Jobe Bellingham CM 85 11 (4)
0%
Yeovil Town 1 Joe Edwards RB 46 1 (2)
0%
Rotherham United 7 Joe Mattock LB 129 2 (7)
0%
Grimsby Town 5 John McDermott RB 95 0 (0)
0%
Rotherham United 5 John Mullin RW 137 10 (2)
0%
Doncaster Rovers 7 John Oster CM 111 2 (19)
0%
Barnsley FC 9 Jon Macken ST 105 21 (10)
0%
Walsall FC 2 Jorge Leitão ST 121 26 (0)
0%
Wycombe Wanderers 5 Josh Knight CB 37 1 (1)
0%
Stockport County 5 Karim Fradin DM 51 8 (0)
0%
Colchester United 2 Karl Duguid CM 81 5 (10)
0%
Colchester United 1 Kemal Izzet CM 84 2 (4)
0%
Crewe Alexandra 1 Kenny Lunt CM 225 21 (20)
0%
Southend United 5 Kevin Maher CM 41 5 (7)
0%
Colchester United 6 Kevin McLeod LM 51 5 (2)
0%
Colchester United 7 Kevin Watson CM 47 1 (11)
0%
Swansea City 4 Kyle Naughton RB 198 4 (5)
0%
Peterborough United 7 Lee Frecklington CM 77 7 (9)
0%
Peterborough United 6 Lee Tomlin CF 79 19 (18)
0%
Bradford City 4 Lewis Emanuel LB 66 2 (0)
0%
Southend United 10 Lewis Hunt RB 35 2 (0)
0%
Huddersfield Town 7 Lewis O'Brien CM 123 8 (10)
0%
Plymouth Argyle 9 Lilian Nalis CM 102 6 (5)
0%
Portsmouth FC 4 Linvoy Primus CB 85 2 (0)
0%
Bristol City 9 Louis Carey CB 155 2 (5)
0%
Plymouth Argyle 6 Marcel Seip CB 117 6 (0)
0%
Bradford City 5 Mark Bower CB 61 2 (0)
0%
Southend United 2 Mark Gower CM 43 8 (7)
0%
Gillingham FC 8 Mark Saunders MF 112 10 (0)
0%
Bristol City 7 Marlon Pack CM 168 8 (13)
0%
Barnsley FC 6 Martin Devaney RM 118 9 (9)
0%
Rotherham United 9 Martin McIntosh CB 122 16 (1)
0%
Doncaster Rovers 9 Martin Woods CM 88 7 (13)
0%
Burton Albion 6 Marvin Sordell ST 61 7 (4)
0%
Plymouth Argyle 3 Mathias Doumbé RB 134 4 (0)
0%
Nottingham Forest 10 Mathieu Louis-Jean RB 156 3 (2)
0%
Walsall FC 9 Matt Carbon CB 55 2 (0)
0%
Southend United 9 Matt Harrold ST 36 3 (2)
0%
Bolton Wanderers 9 Matt Mills CB 87 6 (4)
0%
Scunthorpe United 10 Matt Sparrow CM 62 2 (7)
0%
Wigan Athletic 7 Max Power CM 88 1 (10)
0%
Scunthorpe United 8 Michael O'Connor CM 64 10 (8)
0%
Stockport County 2 Mike Flynn CB 58 2 (0)
0%
Blackpool FC 10 Nathan Delfouneso ST 89 9 (3)
0%
West Bromwich Albion 5 Neil Clement CB 154 14 (2)
0%
Watford FC 4 Neil Cox CB 198 20 (2)
0%
Wimbledon FC (- 2004) 8 Neil Shipperley ST 87 31 (0)
0%
Crewe Alexandra 3 Neil Sorvel DM 161 4 (1)
0%
Wigan Athletic 10 Nick Powell AM 84 21 (9)
0%
Wigan Athletic 9 Nicky Eaden RB 85 0 (1)
0%
Gillingham FC 5 Nicky Southall RM 136 4 (7)
0%
Portsmouth FC 1 Nigel Quashie CM 108 12 (0)
0%
West Ham United 6 Nigel Reo-Coker CM 54 5 (3)
0%
Colchester United 5 Pat Baldwin CB 64 1 (0)
0%
Plymouth Argyle 4 Paul Connolly RB 130 1 (4)
0%
Grimsby Town 2 Paul Groves MF 123 9 (0)
0%
Scunthorpe United 3 Paul Hayes ST 85 17 (13)
0%
Rotherham United 3 Paul Hurst LB 156 2 (1)
0%
Tranmere Rovers 9 Paul Rideout ST 31 2 (0)
0%
Burnley FC 10 Paul Weller CB 148 5 (0)
0%
Walsall FC 8 Pedro Miguel Matias MF 68 9 (0)
0%
Bradford City 8 Peter Atherton CB 53 3 (0)
0%
Wimbledon FC (- 2004) 2 Peter Hawkins LB 120 0 (0)
0%
Oxford United 10 Peter Kioso RB 30 0 (1)
0%
Tranmere Rovers 10 Richard Hinds CB 29 0 (0)
0%
Rotherham United 10 Richie Barker ST 121 11 (0)
0%
Leicester City 4 Richie Wellens CM 130 4 (24)
0%
Stockport County 8 Robert Clare RB 46 0 (0)
0%
Plymouth Argyle 1 Romain Larrieu GK 155 0 (0)
0%
Fulham FC 6 Ryan Fredericks RB 106 0 (12)
0%
Stoke City 7 Sam Clucas CM 131 18 (14)
0%
Doncaster Rovers 2 Sam Hird CB 136 1 (2)
0%
Milton Keynes Dons 3 Samir Carruthers CM 39 1 (6)
0%
Scunthorpe United 5 Sam Togwell DM 77 2 (3)
0%
Portsmouth FC 9 Scott Hiley RB 67 0 (0)
0%
Tranmere Rovers 6 Sean Flynn RM 35 1 (0)
0%
Hull City 7 Sean McLoughlin CB 126 0 (5)
0%
Cardiff City 4 Sean Morrison CB 244 32 (20)
0%
Crystal Palace 9 Sean Scannell RW 130 12 (13)
0%
Huddersfield Town 3 Sean Scannell RW 158 8 (16)
0%
Blackpool FC 10 Shaun Barker CB 89 2 (5)
0%
Luton Town 6 Sonny Bradley CB 118 5 (1)
0%
Grimsby Town 6 Stacy Coldicott DM 94 1 (0)
0%
Cardiff City 9 Stephen McPhail LM 186 3 (17)
0%
Sheffield United 9 Stephen Quinn CM 143 14 (17)
0%
Walsall FC 7 Steve Corica AM 73 9 (1)
0%
Manchester City 9 Steve Howey CB 34 3 (0)
0%
Grimsby Town 9 Steve Livingstone ST 65 10 (1)
0%
Tranmere Rovers 1 Steve Yates CB 43 2 (0)
0%
Southend United 7 Stevie Hammell LB 39 1 (3)
0%
Burton Albion 8 Tom Flanagan CB 57 2 (2)
0%
Ipswich Town 8 Tommy Miller CM 178 39 (6)
0%
Peterborough United 2 Tommy Rowe LM 106 11 (11)
0%
Burton Albion 5 Tom Naylor DM 66 6 (0)
0%
Crystal Palace 10 Tom Soares CM 127 10 (9)
0%
Grimsby Town 4 Tony Gallimore DF 105 0 (1)
0%
Wimbledon FC (- 2004) 4 Trond Andersen CB 110 6 (0)
0%
Oxford United 4 Tyler Goodrham RW 41 3 (6)
0%
Tranmere Rovers 5 Wayne Allison ST 36 6 (0)
0%
Grimsby Town 10 Wayne Burnett CM 55 3 (0)
0%
Stoke City 10 Wayne Thomas CB 115 5 (1)
0%
Oxford United 3 Will Vaulks DM 44 1 (2)
0%
Walsall FC 3 Zigor Aranalde LB 120 5 (1)
0%
No matching quizzes found
Score Distribution
Percent of People with Each Score
Percentile by Number Answered
Your Score History
You have not taken this quiz